LEADER 00482nab a2200145 i 4500 001 000000309579 003 CaOOAMICUS 005 20180831172957.0 008 180831n xx uu u0 0und r 013 $a18673 040 $aSeMil$bita 100 1 $aCossa, Giuseppe.$0(OLS)http://semarc/name/71557 245 10$aStato odierno della controversia Gerseniana. 773 0 $t[Luglio-Dicembre].$g254-262$w()273977 996 $6245$aStato odierno della controversia Gerseniana$9(OLS)http://semarc/title/384605 LEADER 01275nam a2200241 i 4500 001 000000196889 003 CaOOAMICUS 005 20110203000000.0 008 110203s1973 it u000 u ita u 013 $a175574 040 $aSeMil$bita 100 1 $aSottocornola, Franco.$0(OLS)http://semarc/name/25221 245 12$aL'anno liturgico nei Sermoni di Pietro Crisologo :$bRicerca storico. Critica sulla liturgia di Ravenna antica /$cFranco Sottocornola. 260 $aCesena :$bCentro Studi e Ricerche sulla Antica Provincia Ecclesiastica Ravennate,$cstampa 1973. 300 $a460 p., [4] p. di tav. ;$c25 cm. 490 0 $aStudia Ravennatensia ;$v1 500 $aContiene : Appendice ; Bibliografia. 650 4$aPietro : Crisologo - Sermoni.$0(OLS)http://semarc/subject/3445 830 0$aStudia Ravennatensia ;$v1.$0(OLS)http://semarc/title/32516 850 $aSeMil 852 $aSeMil$W1$xVenegono$y1$m3K III 353$j147452$B147452$CSeMilBibl$Z2$F159000 $81 996 $6245$aL'anno liturgico nei Sermoni di Pietro Crisologo :$bRicerca storico. Critica sulla liturgia di Ravenna antica$9(OLS)http://semarc/title/284294 996 $6260$aCesena :$bCentro Studi e Ricerche sulla Antica Provincia Ecclesiastica Ravennate$9(OLS)http://semarc/publisher/36129